• 首页
  • 本馆介绍
  • 公告通知
  • 最新文献
  • 馆藏检索
  • 电子资源
  • 读者导购
  • 参考咨询
  • 我的图书馆
  • 登录
  • 详细信息显示
  • 放入我的书架
  • 预约/预借图书
  • 作者相关作品
  • 分类相关作品
  • 丛书相关作品
  • 出版社相关作品

书目信息

  • 表格格式
  • 工作单格式
  • 卡片格式
题名:
买卖合同纠纷案例与实务
    
 
作者: 李巍 编著
分册:  
出版信息: 北京   清华大学出版社  2015.1
页数: 186页
开本: 26cm
丛书名: 法律专家案例与实务指导丛书
单 册:
中图分类: D923.65
科图分类:
主题词: 买卖合同--Mai Mai He Tong--合同纠纷--案例--中国 , 合同纠纷--He Tong Jiu Fen , 案例--An Li , 中国--Zhong Guo
电子资源:
ISBN: 978-7-302-36118-3
000 01335nam0 22003011 450
001 349839
005 20161008170131.78
010    @a978-7-302-36118-3@dCNY39.00
100    @a20150104d2015 em y0chiy50 ea
101 0  @achi
102    @aCN@b110000
105    @ay a 000yy
106    @ar
200 1  @a买卖合同纠纷案例与实务@AMai Mai He Tong Jiu Fen An Li Yu Shi Wu@f李巍编著
210    @a北京@c清华大学出版社@d2015.1
215    @a186页@d26cm
225 2  @a法律专家案例与实务指导丛书@AFa Lv Zhuan Jia An Li Yu Shi Wu Zhi Dao Cong Shu
320    @a有书目
330    @a本书是按照整个合同订立过程的发展脉络编排的,与《中华人民共和国合同法》的架构基本一致,本书内容主要包括买卖合同的订立、买卖合同的效力、买卖合同的履行、买卖合同的解除、买卖合同的违约责任,客观真实地展现现实生活中买卖合同从订立到履行各个环节容易出现的问题。每章之下分节,每节又分为若干个小问题,以问题形式导引本节的内容,将法理及分析融入案例中,并对各类纠纷怎样做好风险防范作了提示说明,以期为读者提供法律帮助,给出解决方案。
461  0 @12001 @a法律专家案例与实务指导丛书
606 0  @a买卖合同@AMai Mai He Tong@x合同纠纷@x案例@y中国
606 0  @a合同纠纷@AHe Tong Jiu Fen
606 0  @a案例@AAn Li
606 0  @a中国@AZhong Guo
690    @aD923.65@v5
701  0 @a李巍@ALi Wei@4编著
801  0 @aCN@bTANGWEI@20160802
905    @b0887020-4@dD923.65@e1364@f5
    
    买卖合同纠纷案例与实务/李巍编著.-北京:清华大学出版社,2015.1
    186页;26cm.-(法律专家案例与实务指导丛书)
    
    
    ISBN 978-7-302-36118-3:CNY39.00
    本书是按照整个合同订立过程的发展脉络编排的,与《中华人民共和国合同法》的架构基本一致,本书内容主要包括买卖合同的订立、买卖合同的效力、买卖合同的履行、买卖合同的解除、买卖合同的违约责任,客观真实地展现现实生活中买卖合同从订立到履行各个环节容易出现的问题。每章之下分节,每节又分为若干个小问题,以问题形式导引本节的内容,将法理及分析融入案例中,并对各类纠纷怎样做好风险防范作了提示说明,以期为读者提供法律帮助,给出解决方案。
●
相关链接 在E读中查询图书 在五车中查询图书 在当当中查询图书 在豆瓣中查询图书


正题名:买卖合同纠纷案例与实务     索取号:D923.65/1364         预约/预借

序号 登录号 条形码 馆藏地/架位号 状态 备注
1 0887020   208870202   第一样本阅览室/ [索取号:D923.65/1364] 在馆    
2 0887021   208870211   密集书库-史法系/ [索取号:D923.65/1364] 在馆    
3 0887022   208870220   第一借阅区/ [索取号:D923.65/1364] 在馆    
4 0887023   208870239   第一借阅区/ [索取号:D923.65/1364] 在馆    
5 0887024   208870248   第一借阅区/ [索取号:D923.65/1364] 在馆    
唐山师范学院图书馆 欢迎您!
大连网信软件有限公司© 版权所有